All World Cup Hosts - Statistics

General Stats
  • This quiz has been taken 41 times
  • The average score is 28 of 30
Answer Stats
Year Country % Correct
1978 Argentina
100%
1950 Brazil
100%
2014 Brazil
100%
1966 England
100%
1970 Mexico
100%
1986 Mexico
100%
2026 Mexico
100%
2018 Russia
100%
1982 Spain
100%
2030 Spain
100%
1994 United States
100%
2026 United States
100%
2026 Canada
97%
2006 Germany
97%
2002 Japan
97%
2030 Portugal
97%
1974 West Germany
97%
1938 France
95%
1998 France
95%
1934 Italy
95%
1990 Italy
95%
2022 Qatar
95%
2010 South Africa
92%
2002 South Korea
92%
1930 Uruguay
92%
1958 Sweden
89%
1962 Chile
86%
2030 Morocco
76%
2034 Saudi Arabia
73%
1954 Switzerland
68%
No matching quizzes found
Score Distribution
Percent of People with Each Score
Percentile by Number Answered
Your Score History
You have not taken this quiz